| 000 | 00464nam a2200181Ia 4500 | ||
|---|---|---|---|
| 008 | 240925s9999 xx 000 0 und d | ||
| 020 | _a63663252 | ||
| 082 | _a624.171 SMI | ||
| 100 | _aSmith, J. C. | ||
| 245 | 0 | _aSolutions Manual to Accompany Structural Analysis | |
| 250 | _aNA | ||
| 260 |
_aNew York: _bHarpper and Row _c,1988. |
||
| 300 |
_a245p. _bNA _fOriginal |
||
| 500 | _aNA | ||
| 600 | _aElectronic Engineering | ||
| 650 | _aTechnology | ||
| 942 | _cBK | ||
| 999 |
_c3785 _d3785 |
||